[Event "Alushta op"]
[Site "Alushta"]
[Date "2023.07.08"]
[Round "7"]
[White "Botalova, Yulia"]
[Black "Chudinovskikh, Alexander M"]
[Result "0-1"]
[WhiteElo "1792"]
[BlackElo "2070"]
[PlyCount "89"]
[EventDate "2023.07.02"]
[EventType "swiss"]
[EventRounds "9"]
[EventCountry "UKR"]
[SourceTitle "CBM 215 Extra"]
[Source "ChessBase"]
[SourceDate "2023.09.30"]
[SourceVersion "1"]
[SourceVersionDate "2023.09.30"]
[SourceQuality "1"]

1. e4 c5 2. c3 g6 3. d4 cxd4 4. cxd4 d5 5. exd5 Nf6 6. Nc3 Bg7 7. Bb5+ Nbd7 8. d6 0-0 9. dxe7 Qxe7+ 10. Nge2 a6 11. Bd3 b5 12. 0-0 Nb6 13. Re1 Bb7 14. Bf4 Qd7 15. Rc1 b4 16. Nb1 Nh5 17. Be3 Qd5 18. f3 Qxa2 19. Qd2 Rfe8 20. Bf2 a5 21. Rc5 Bd5 22. Bb5 Re6 23. Rec1 Rd8 24. Qc2 a4 25. Nd2 Bf8 26. Rc7 a3 27. Rb1 axb2 28. Qxb2 Qa5 29. Bd3 Na4 30. Qc2 Nc3 31. Nxc3 Qxc7 32. Nxd5 Qxc2 33. Bxc2 Rxd5 34. Bb3 Ra5 35. Bxe6 fxe6 36. Nc4 Ra2 37. g3 Nf6 38. Ne5 Nd5 39. Nc4 Nc3 40. Rb2 Ra1+ 41. Kg2 Nd1 42. Rd2 b3 43. Nb2 Nc3 44. Rd3 Bb4 45. Nc4 0-1

[Event "Alushta op"]
[Site "Alushta"]
[Date "2023.07.04"]
[Round "3"]
[White "Botalova, Yulia"]
[Black "Kalinin, Sergey"]
[Result "1/2-1/2"]
[WhiteElo "1792"]
[BlackElo "2197"]
[PlyCount "50"]
[EventDate "2023.07.02"]
[EventType "swiss"]
[EventRounds "9"]
[EventCountry "UKR"]
[SourceTitle "CBM 215 Extra"]
[Source "ChessBase"]
[SourceDate "2023.09.30"]
[SourceVersion "1"]
[SourceVersionDate "2023.09.30"]
[SourceQuality "1"]

1. e4 g6 2. d4 d6 3. Nf3 Bg7 4. Bc4 Nf6 5. Nc3 0-0 6. 0-0 Bg4 7. h3 Bxf3 8. Qxf3 Nc6 9. Be3 Nd7 10. Rad1 e5 11. dxe5 Ncxe5 12. Qe2 Re8 13. Bb3 Nc6 14. Qf3 Nde5 15. Qg3 Na5 16. Bg5 Qc8 17. Nd5 Nxb3 18. Qxb3 Kf8 19. Bf6 c6 20. Bxg7+ Kxg7 21. Ne3 Qe6 22. Qxe6 Rxe6 23. f3 Rd8 24. Kf2 Nd7 25. Rfe1 b5 1/2-1/2

[Event "Nezhmetdinov Memorial 44th"]
[Site "Kazan"]
[Date "2022.05.27"]
[Round "1"]
[White "Lintchevski, Daniil"]
[Black "Botalova, Yulia"]
[Result "1-0"]
[WhiteElo "2571"]
[BlackElo "1939"]
[PlyCount "73"]
[EventDate "2022.05.27"]
[EventType "swiss"]
[EventRounds "9"]
[EventCountry "RUS"]
[SourceTitle "CBM 208 Extra"]
[Source "ChessBase"]
[SourceDate "2022.07.31"]
[SourceVersion "1"]
[SourceVersionDate "2022.07.31"]
[SourceQuality "1"]

1. e4 e6 2. d4 d5 3. Nd2 Nf6 4. e5 Nfd7 5. Bd3 c5 6. c3 Nc6 7. Ne2 cxd4 8. cxd4 f6 9. exf6 Qxf6 10. Nf3 h6 11. 0-0 Bd6 12. Bc2 0-0 13. Qd3 Rd8 14. Bd2 Nf8 15. Bc3 Bd7 16. Qe3 Qe7 17. Nf4 Be8 18. Rfe1 Bf7 19. Ba4 Qc7 20. Nd3 Ne7 21. Qd2 Bg6 22. Nfe5 Bh7 23. Rac1 b6 24. Bb4 Bxb4 25. Qxb4 Qd6 26. Qxd6 Rxd6 27. Rc7 Nf5 28. Nf7 Nxd4 29. Nxd6 Bxd3 30. Rd1 Ne2+ 31. Kh1 Ba6 32. Bc6 Rd8 33. Nf7 Rc8 34. Rxc8 Bxc8 35. Nd6 Ba6 36. g3 Ng6 37. Bd7 1-0

[Event "Eurasia Cup op"]
[Site "Ekaterinburg"]
[Date "2019.07.31"]
[Round "1"]
[White "Botalova, Yulia"]
[Black "Khusenkhojaev, Muhammad"]
[Result "0-1"]
[WhiteElo "1968"]
[BlackElo "2441"]
[PlyCount "58"]
[EventDate "2019.07.31"]
[EventType "swiss"]
[EventRounds "9"]
[EventCountry "RUS"]
[SourceTitle "CBM 191 Extra"]
[Source "ChessBase"]
[SourceDate "2019.09.30"]
[SourceVersion "1"]
[SourceVersionDate "2019.09.30"]
[SourceQuality "1"]

1. e4 e5 2. Nf3 Nc6 3. Bb5 a6 4. Ba4 Nf6 5. d3 d6 6. c3 g6 7. 0-0 Bg7 8. Nbd2 0-0 9. Re1 b5 10. Bc2 d5 11. Qe2 d4 12. c4 Nh5 13. g3 Bg4 14. cxb5 axb5 15. Kg2 Qc8 16. h4 Nb4 17. Bb1 f5 18. Qd1 fxe4 19. dxe4 c5 20. a4 c4 21. Ra3 bxa4 22. Rxa4 Rb8 23. Ra3 Kh8 24. Qa4 c3 25. bxc3 dxc3 26. Rb3 cxd2 27. Bxd2 Nc2 28. Rc1 Rxb3 29. Qxb3 Bxf3+ 0-1

[Event "Nezhmetdinov Memorial 41st"]
[Site "Kazan"]
[Date "2019.05.31"]
[Round "1"]
[White "Botalova, Yulia"]
[Black "Kokarev, Dmitry"]
[Result "0-1"]
[WhiteElo "2056"]
[BlackElo "2605"]
[PlyCount "40"]
[EventDate "2019.05.31"]
[EventType "swiss"]
[EventRounds "9"]
[EventCountry "RUS"]
[SourceTitle "CBM 190 Extra"]
[Source "ChessBase"]
[SourceDate "2019.07.15"]
[SourceVersion "1"]
[SourceVersionDate "2019.07.15"]
[SourceQuality "1"]

1. e4 c5 2. c3 Nf6 3. e5 Nd5 4. d4 cxd4 5. Nf3 Nc6 6. cxd4 g6 7. Bc4 Nb6 8. Bb3 Bg7 9. 0-0 0-0 10. Re1 d6 11. e6 fxe6 12. Bxe6+ Bxe6 13. Rxe6 Rxf3 14. gxf3 Nxd4 15. Re1 Qf8 16. f4 Qf5 17. Na3 Nd5 18. Rb1 Rf8 19. Be3 Nxf4 20. Bxf4 Qxf4 0-1

[Event "EU-chT ICCD Silent 21st"]
[Site "Kaunas"]
[Date "2013.06.13"]
[Round "2.3"]
[White "Botalova, Yulia"]
[Black "Bozinovic, Bogdan"]
[Result "1/2-1/2"]
[WhiteElo "1972"]
[BlackElo "2214"]
[PlyCount "53"]
[EventDate "2013.06.13"]
[EventType "team-swiss"]
[EventRounds "7"]
[EventCountry "LTU"]
[SourceTitle "EXT 2015"]
[Source "ChessBase"]
[SourceDate "2014.11.20"]
[SourceVersion "1"]
[SourceVersionDate "2014.11.20"]
[SourceQuality "1"]

1. e4 c5 2. c3 d5 3. exd5 Qxd5 4. d4 Nc6 5. Nf3 cxd4 6. cxd4 e5 7. Nc3 Bb4 8. dxe5 Qxd1+ 9. Kxd1 Bg4 10. Be2 0-0-0+ 11. Ke1 Bxf3 12. Bxf3 Nxe5 13. Be2 Nf6 14. Kf1 Rhe8 15. Be3 Bxc3 16. bxc3 Nd5 17. Bd4 a6 18. g3 g6 19. Rc1 Kb8 20. Rb1 Ka8 21. c4 Nc7 22. Be3 Ne6 23. Kg2 Nd4 24. Bf1 Ndf3 25. Be2 Nd4 26. Bf1 Ndf3 27. Be2 1/2-1/2

[Event "Zelenograd Silent op"]
[Site "Zelenograd"]
[Date "2013.06.10"]
[Round "9"]
[White "Ivanov, Roman"]
[Black "Botalova, Yulia"]
[Result "1/2-1/2"]
[WhiteElo "1977"]
[BlackElo "1972"]
[PlyCount "20"]
[EventDate "2013.06.02"]
[EventType "swiss"]
[EventRounds "9"]
[EventCountry "RUS"]
[SourceTitle "EXT 2015"]
[Source "ChessBase"]
[SourceDate "2014.11.20"]
[SourceVersion "1"]
[SourceVersionDate "2014.11.20"]
[SourceQuality "1"]

1. e4 e6 2. Nc3 d5 3. exd5 exd5 4. d4 c6 5. Nf3 Nf6 6. Bd3 Bd6 7. Bg5 0-0 8. Qd2 Re8+ 9. Be2 Bg4 10. 0-0-0 Nbd7 1/2-1/2

[Event "Zelenograd Silent op"]
[Site "Zelenograd"]
[Date "2013.06.08"]
[Round "7"]
[White "Petrov, Alexey"]
[Black "Botalova, Yulia"]
[Result "1/2-1/2"]
[WhiteElo "2015"]
[BlackElo "1972"]
[PlyCount "108"]
[EventDate "2013.06.02"]
[EventType "swiss"]
[EventRounds "9"]
[EventCountry "RUS"]
[SourceTitle "EXT 2015"]
[Source "ChessBase"]
[SourceDate "2014.11.20"]
[SourceVersion "1"]
[SourceVersionDate "2014.11.20"]
[SourceQuality "1"]

1. e4 d5 2. exd5 Qxd5 3. Nc3 Qa5 4. d4 Nf6 5. Nf3 c6 6. Bc4 Bf5 7. Qe2 e6 8. 0-0 Nbd7 9. Bd2 Qc7 10. Bb3 Bd6 11. h3 0-0-0 12. Rfe1 h6 13. Ne5 Nxe5 14. dxe5 Bxe5 15. Rad1 Bf4 16. Be3 Bxe3 17. Qxe3 Kb8 18. g4 Bg6 19. Ne2 Rxd1 20. Rxd1 Rd8 21. Re1 Qd6 22. Nf4 Bh7 23. c3 Qc7 24. Qf3 Rd2 25. Bxe6 fxe6 26. Nxe6 Qd6 27. Nxg7 Rd3 28. Ne8 Rxf3 29. Nxd6 Kc7 30. Ne8+ Nxe8 31. Rxe8 Bb1 32. Kg2 Rf6 33. a3 Ba2 34. Kg3 Kb6 35. f4 Re6 36. Rh8 Bd5 37. Kh4 Bg2 38. Kg3 Bf1 39. h4 Bd3 40. f5 Rf6 41. Kf4 Be2 42. Ke5 Rf7 43. g5 hxg5 44. hxg5 Bd3 45. f6 Rd7 46. Ke6 Kc7 47. Rh6 Bc4+ 48. Ke5 Rd5+ 49. Kf4 Bd3 50. g6 Rd8 51. Ke5 Re8+ 52. Kd4 Rd8+ 53. Ke5 Re8+ 54. Kd4 Rd8+ 1/2-1/2

[Event "Zelenograd Silent op"]
[Site "Zelenograd"]
[Date "2013.06.02"]
[Round "1"]
[White "Muratov, Lir"]
[Black "Botalova, Yulia"]
[Result "0-1"]
[WhiteElo "2116"]
[BlackElo "1972"]
[PlyCount "94"]
[EventDate "2013.06.02"]
[EventType "swiss"]
[EventRounds "9"]
[EventCountry "RUS"]
[SourceTitle "EXT 2015"]
[Source "ChessBase"]
[SourceDate "2014.11.20"]
[SourceVersion "1"]
[SourceVersionDate "2014.11.20"]
[SourceQuality "1"]

1. e4 e6 2. d4 d5 3. e5 c5 4. c3 Nc6 5. Bb5 Bd7 6. Ne2 Nxe5 7. dxe5 Bxb5 8. a4 Bxe2 9. Qxe2 c4 10. Na3 Bxa3 11. Rxa3 Ne7 12. Be3 Qc7 13. f4 Nf5 14. Bf2 h5 15. a5 g6 16. 0-0 0-0 17. g4 hxg4 18. Qxg4 Kg7 19. b4 Rh8 20. Ra2 Qe7 21. Kh1 a6 22. Rg1 Rh6 23. Rd2 Rah8 24. Rg2 Rh3 25. Rc2 Ne3 26. Bxe3 Rxe3 27. Rg3 Rxg3 28. Qxg3 Qh4 29. Kg2 Qh5 30. Rd2 Qf5 31. Re2 Qh5 32. Rd2 Kf8 33. Kf1 Ke7 34. Ke1 Qh4 35. Rg2 Kd7 36. Kd2 Qxg3 37. hxg3 Rh1 38. Kc2 Kc6 39. Kb2 Kb5 40. Kc2 Ka4 41. Kb2 Rh3 42. Ka2 Rh1 43. Kb2 d4 44. Kc2 d3+ 45. Kb2 Re1 46. Rd2 Re2 47. Kc1 Kb3 0-1

[Event "Zelenograd"]
[Site "Zelenograd"]
[Date "2012.09.22"]
[Round "8"]
[White "Solovey, Vjacheslav"]
[Black "Botalova, Yulia"]
[Result "1/2-1/2"]
[WhiteElo "1981"]
[BlackElo "1963"]
[PlyCount "92"]
[EventDate "2012.09.15"]
[EventType "tourn"]
[EventRounds "9"]
[EventCountry "RUS"]
[SourceTitle "CBM 150 Extra"]
[Source "ChessBase"]
[SourceDate "2012.10.19"]
[SourceVersion "1"]
[SourceVersionDate "2012.10.19"]
[SourceQuality "1"]

1. Nf3 e6 2. d4 d5 3. Bf4 Nf6 4. h3 c5 5. e3 Nc6 6. c3 cxd4 7. exd4 Bd6 8. Bxd6 Qxd6 9. Bd3 0-0 10. 0-0 Bd7 11. Re1 a6 12. a4 Rac8 13. Ne5 Rc7 14. Nd2 Rfc8 15. Ndf3 Be8 16. Nxc6 Bxc6 17. Ne5 Be8 18. Re3 b5 19. axb5 Bxb5 20. Bxb5 axb5 21. Nd3 Nd7 22. Nb4 Nb8 23. Ra3 g6 24. Qe2 Rd7 25. Qd2 Rcc7 26. Re1 Rb7 27. Ra8 Kg7 28. Rea1 Rb6 29. R8a7 Rxa7 30. Rxa7 Nc6 31. Nxc6 Qxc6 32. Qf4 Qe8 33. b4 Rb8 34. Rxf7+ Qxf7 35. Qxb8 Qd7 36. Qe5+ Kg8 37. g4 Qc6 38. Qe3 Qa6 39. Kg2 Qc6 40. f4 Qd7 41. h4 Qc6 42. h5 gxh5 43. gxh5 Qd7 44. h6 Qe8 45. Qg3+ Qg6 46. Kh3 Kf7 1/2-1/2

[Event "Zelenograd"]
[Site "Zelenograd"]
[Date "2012.09.18"]
[Round "4"]
[White "Gerasimova, Olga"]
[Black "Botalova, Yulia"]
[Result "1/2-1/2"]
[WhiteElo "2129"]
[BlackElo "1963"]
[PlyCount "93"]
[EventDate "2012.09.15"]
[EventType "tourn"]
[EventRounds "9"]
[EventCountry "RUS"]
[SourceTitle "CBM 150 Extra"]
[Source "ChessBase"]
[SourceDate "2012.10.19"]
[SourceVersion "1"]
[SourceVersionDate "2012.10.19"]
[SourceQuality "1"]

1. e4 e6 2. d4 d5 3. e5 c5 4. c3 Nc6 5. Nf3 Qb6 6. a3 Bd7 7. b4 cxd4 8. cxd4 Rc8 9. Bb2 Nh6 10. Nc3 Na5 11. Na4 Qc6 12. Nc5 Nc4 13. Bxc4 dxc4 14. 0-0 b6 15. Nxd7 Qxd7 16. Qc2 Nf5 17. Rad1 Ne7 18. Ng5 h6 19. Ne4 Nd5 20. Bc1 Be7 21. Ng3 g6 22. Ne2 Kf8 23. Nf4 Kg7 24. Ne2 Qb7 25. Qe4 Rc7 26. Qc2 h5 27. Nc3 Nxc3 28. Qxc3 Qd5 29. f4 Rd8 30. Qe3 Rh8 31. Qf3 Qxf3 32. Rxf3 Rd8 33. Bb2 Rd5 34. Bc3 Kf8 35. g3 Rcd7 36. h3 a5 37. Ra1 a4 38. g4 hxg4 39. hxg4 Ke8 40. f5 exf5 41. gxf5 gxf5 42. Rxf5 f6 43. Re1 fxe5 44. Rexe5 Rxe5 45. Rxe5 Kf7 46. Kg2 Bf6 47. Re4 1/2-1/2

[Event "Olympiad Women-40"]
[Site "Istanbul"]
[Date "2012.09.09"]
[Round "11.3"]
[White "Baptista, Ana Filipa"]
[Black "Botalova, Yulia"]
[Result "1-0"]
[WhiteElo "2152"]
[BlackElo "1949"]
[PlyCount "117"]
[EventDate "2012.08.28"]
[EventType "team-swiss"]
[EventRounds "11"]
[EventCountry "TUR"]
[SourceTitle "CBM 150 Extra"]
[Source "ChessBase"]
[SourceDate "2012.10.19"]
[SourceVersion "1"]
[SourceVersionDate "2012.10.19"]
[SourceQuality "1"]
[WhiteTeam "Portugal (W)"]
[BlackTeam "ICSC (W)"]
[WhiteTeamCountry "POR"]

1. e4 e6 2. d4 d5 3. Nd2 Nf6 4. e5 Nfd7 5. Bd3 c5 6. c3 Nc6 7. Ne2 cxd4 8. cxd4 f6 9. exf6 Nxf6 10. Nf3 Bd6 11. 0-0 0-0 12. Bf4 Bxf4 13. Nxf4 Ne4 14. Ne2 Nd6 15. Qd2 h6 16. Nf4 Qf6 17. Nh5 Qf7 18. Ng3 Qf4 19. Qc3 Bd7 20. Rac1 Rac8 21. Ne2 Qf6 22. Qa3 Nf5 23. Bxf5 Qxf5 24. Qd6 Rcd8 25. Qg3 Be8 26. Ne5 Nxe5 27. dxe5 Qf7 28. Qh4 Bb5 29. Rfe1 Bxe2 30. Rxe2 Qf4 31. Qxf4 Rxf4 32. Rc7 Rf7 33. Rec2 Rdd7 34. Rxd7 Rxd7 35. f4 Kf7 36. Kf2 Ke7 37. Ke3 b6 38. Rc6 Rb7 39. Kd4 Kd7 40. Rd6+ Ke7 41. f5 exf5 42. Rg6 Kf7 43. Rc6 Ke7 44. e6 Kf6 45. Kxd5 Re7 46. b4 g5 47. a4 f4 48. a5 bxa5 49. bxa5 Kf5 50. a6 g4 51. g3 f3 52. Rc4 Re8 53. Rf4+ Kg5 54. Kd6 Rd8+ 55. Kc7 Rd3 56. e7 Re3 57. Kd7 Rd3+ 58. Ke6 Re3+ 59. Kf7 1-0

[Event "Olympiad Women-40"]
[Site "Istanbul"]
[Date "2012.08.29"]
[Round "2.3"]
[White "Botalova, Yulia"]
[Black "Linares Napoles, Oleiny"]
[Result "1/2-1/2"]
[WhiteElo "1949"]
[BlackElo "2355"]
[PlyCount "85"]
[EventDate "2012.08.28"]
[EventType "team-swiss"]
[EventRounds "11"]
[EventCountry "TUR"]
[SourceTitle "CBM 150 Extra"]
[Source "ChessBase"]
[SourceDate "2012.10.19"]
[SourceVersion "1"]
[SourceVersionDate "2012.10.19"]
[SourceQuality "1"]
[WhiteTeam "ICSC (W)"]
[BlackTeam "Cuba (W)"]
[BlackTeamCountry "CUB"]

1. e4 e5 2. Nf3 Nf6 3. Nxe5 d6 4. Nf3 Nxe4 5. Qe2 Qe7 6. d3 Nf6 7. Bg5 Nbd7 8. Nc3 a6 9. 0-0-0 Qxe2 10. Bxe2 h6 11. Bd2 Be7 12. h3 Nc5 13. Nd4 Ne6 14. Nxe6 Bxe6 15. Bf3 0-0-0 16. Rhe1 Rde8 17. Re2 Bd8 18. Rde1 Bd7 19. Rxe8 Rxe8 20. Rxe8 Bxe8 21. Ne4 Nxe4 22. Bxe4 Bf6 23. Be3 c6 24. d4 Bd7 25. b3 h5 26. Bf3 h4 27. Bg4 Bxg4 28. hxg4 g5 29. Kd2 Kd7 30. Kd3 Ke6 31. Ke4 Be7 32. f3 b5 33. c4 d5+ 34. cxd5+ cxd5+ 35. Kd3 Kd7 36. Bd2 b4 37. Be3 Ke6 38. Bd2 f5 39. Be3 Kf6 40. Bd2 Bd6 41. Be1 a5 42. Bd2 Bg3 43. Bc1 1/2-1/2

[Event "Olympiad Women-40"]
[Site "Istanbul"]
[Date "2012.08.28"]
[Round "1.3"]
[White "Botalova, Yulia"]
[Black "Masiyazi, Rhoda"]
[Result "1-0"]
[WhiteElo "1949"]
[BlackElo "2005"]
[PlyCount "37"]
[EventDate "2012.08.28"]
[EventType "team-swiss"]
[EventRounds "11"]
[EventCountry "TUR"]
[SourceTitle "CBM 150 Extra"]
[Source "ChessBase"]
[SourceDate "2012.10.19"]
[SourceVersion "1"]
[SourceVersionDate "2012.10.19"]
[SourceQuality "1"]
[WhiteTeam "ICSC (W)"]
[BlackTeam "Zimbabwe (W)"]
[BlackTeamCountry "ZIM"]

1. e4 b6 2. d4 e6 3. Nf3 Bb7 4. Bd3 h6 5. 0-0 Be7 6. c3 Nf6 7. Re1 a6 8. Nbd2 0-0 9. Nf1 c5 10. Ng3 b5 11. dxc5 Bxc5 12. h3 Qb6 13. Be3 Nc6 14. Bxc5 Qxc5 15. e5 Nd5 16. Ne4 Qb6 17. Bc2 Rad8 18. Qd3 Nf4 19. Nf6+ 1-0

[Event "Urals-ch (Women)"]
[Site "Russia"]
[Date "2012.03.01"]
[Round "6"]
[White "Botalova, Yulia"]
[Black "Chudinovskikh, Zinaida"]
[Result "1-0"]
[WhiteElo "1963"]
[BlackElo "2095"]
[PlyCount "101"]
[EventDate "2012.02.25"]
[EventType "swiss"]
[EventRounds "9"]
[EventCountry "RUS"]
[SourceTitle "EXT 2014"]
[Source "ChessBase"]
[SourceDate "2013.11.20"]
[SourceVersion "1"]
[SourceVersionDate "2013.11.20"]
[SourceQuality "1"]

1. e4 c6 2. d4 Qc7 3. Nf3 d6 4. h3 Nd7 5. Bd3 e5 6. c3 Ngf6 7. 0-0 Be7 8. Re1 0-0 9. Nbd2 b5 10. Nf1 Nb6 11. Ng3 Bd7 12. Nf5 Rae8 13. Nxe7+ Rxe7 14. Bg5 Re6 15. dxe5 dxe5 16. Qe2 a6 17. Nh4 Ne8 18. Nf5 f6 19. Be3 c5 20. Rad1 Kh8 21. Bc2 g6 22. Nh4 Ng7 23. Bb3 c4 24. Bc2 Bc8 25. Rd2 Rd8 26. Red1 Red6 27. Nf3 Ne6 28. Rxd6 Rxd6 29. Rxd6 Qxd6 30. Qd2 Qc7 31. Nh2 Kg7 32. Bd1 h5 33. f3 Bb7 34. Bc2 Nd7 35. Nf1 h4 36. Bf2 g5 37. Ne3 Nf4 38. Nf5+ Kg8 39. Kf1 a5 40. a4 Bc6 41. Qd6 Qxd6 42. Nxd6 bxa4 43. Bxa4 Kf8 44. Nc8 Kf7 45. Na7 Nb8 46. Nxc6 Nxc6 47. b3 cxb3 48. Bxb3+ Ke7 49. Bb6 Nd3 50. Bc2 Nc5 51. Bxc5+ 1-0

[Event "RUS-ch Silent"]
[Site "Zelenograd"]
[Date "2011.09.16"]
[Round "7"]
[White "Malyuga, Valentin"]
[Black "Botalova, Yulia"]
[Result "1-0"]
[WhiteElo "2194"]
[BlackElo "1969"]
[PlyCount "77"]
[EventDate "2011.09.12"]
[EventType "swiss"]
[EventRounds "9"]
[EventCountry "RUS"]
[SourceTitle "EXT 2012"]
[Source "ChessBase"]
[SourceDate "2011.11.24"]
[SourceVersion "1"]
[SourceVersionDate "2011.11.24"]
[SourceQuality "1"]

1. d4 d5 2. Nf3 Nf6 3. Bf4 e6 4. e3 Nbd7 5. Bd3 Be7 6. 0-0 c6 7. Nbd2 Nh5 8. Bg3 Nxg3 9. hxg3 Qc7 10. c4 Bf6 11. Rc1 Qd8 12. e4 dxe4 13. Nxe4 0-0 14. Qe2 Qe7 15. g4 g6 16. Nxf6+ Qxf6 17. c5 Qf4 18. g5 Rd8 19. g3 Qc7 20. Qe4 Nf8 21. Ne5 Qe7 22. Qf4 Nd7 23. Nf3 e5 24. dxe5 Nxc5 25. Bb1 Ne6 26. Qe3 Ng7 27. Nd2 Bf5 28. Rfe1 Bxb1 29. Rxb1 Ne6 30. Ne4 Nc7 31. Nf6+ Kh8 32. Qf4 Ne6 33. Qh4 Nf8 34. Re4 Qc5 35. Kg2 Rd2 36. g4 Rad8 37. Rf1 R8d4 38. Rxd4 Rxd4 39. Qh6 1-0

[Event "RUS-ch Silent"]
[Site "Zelenograd"]
[Date "2011.09.15"]
[Round "5"]
[White "Botalova, Yulia"]
[Black "Nikitenko, Sergey"]
[Result "1/2-1/2"]
[WhiteElo "1969"]
[BlackElo "1903"]
[PlyCount "48"]
[EventDate "2011.09.12"]
[EventType "swiss"]
[EventRounds "9"]
[EventCountry "RUS"]
[SourceTitle "EXT 2012"]
[Source "ChessBase"]
[SourceDate "2011.11.24"]
[SourceVersion "1"]
[SourceVersionDate "2011.11.24"]
[SourceQuality "1"]

1. d4 d5 2. Nf3 Nf6 3. g3 g6 4. Bg2 Bg7 5. 0-0 0-0 6. Nbd2 Nbd7 7. b3 b6 8. Bb2 Bb7 9. Rc1 Rc8 10. c4 c6 11. e3 Re8 12. Re1 e6 13. Qc2 a6 14. Qd3 Bf8 15. a3 b5 16. cxd5 cxd5 17. Rxc8 Qxc8 18. Rc1 Qb8 19. Ne1 Rc8 20. Rxc8 Qxc8 21. Qc2 Qxc2 22. Nxc2 Bd6 23. Bc3 Kf8 24. Bb4 Ke7 1/2-1/2

[Event "RUS-ch Silent"]
[Site "Zelenograd"]
[Date "2011.09.14"]
[Round "4"]
[White "Varezhkin, Viktor"]
[Black "Botalova, Yulia"]
[Result "1-0"]
[WhiteElo "2220"]
[BlackElo "1969"]
[PlyCount "79"]
[EventDate "2011.09.12"]
[EventType "swiss"]
[EventRounds "9"]
[EventCountry "RUS"]
[SourceTitle "EXT 2012"]
[Source "ChessBase"]
[SourceDate "2011.11.24"]
[SourceVersion "1"]
[SourceVersionDate "2011.11.24"]
[SourceQuality "1"]

1. e4 e6 2. d4 d5 3. Nc3 Nf6 4. e5 Nfd7 5. f4 c5 6. Nf3 Nc6 7. Be3 a6 8. Qd2 b5 9. h4 Qb6 10. Ne2 b4 11. h5 h6 12. g4 cxd4 13. Nexd4 Nxd4 14. Bxd4 Bc5 15. 0-0-0 Bb7 16. Qe3 Rc8 17. Kb1 Bxd4 18. Nxd4 Nc5 19. Rh2 Ne4 20. Ka1 Nc5 21. f5 Ne4 22. Bd3 Ng5 23. Qf4 Qd8 24. Rf1 Qe7 25. Re2 Kd7 26. Qe3 Ne4 27. Bxe4 dxe4 28. f6 gxf6 29. Rxf6 Rcg8 30. Qf4 Rh7 31. Nf5 Qc5 32. Re1 Bd5 33. Nd6 Rgg7 34. Kb1 Bxa2+ 35. Kxa2 Qa5+ 36. Kb3 Qd5+ 37. Nc4 a5 38. Rxe4 Qb5 39. Qe3 a4+ 40. Ka2 1-0

[Event "St Petersburg Rudenko Memorial (Women)"]
[Site "St Petersburg"]
[Date "2011.08.29"]
[Round "7"]
[White "Petrochenko, Maria"]
[Black "Botalova, Yulia"]
[Result "0-1"]
[WhiteElo "1491"]
[BlackElo "1969"]
[PlyCount "102"]
[EventDate "2011.08.23"]
[EventType "swiss"]
[EventRounds "9"]
[EventCountry "RUS"]
[SourceTitle "CBM 144 Extra"]
[Source "ChessBase"]
[SourceDate "2011.10.28"]
[SourceVersion "1"]
[SourceVersionDate "2011.10.28"]
[SourceQuality "1"]

1. d4 d5 2. c4 e6 3. Nf3 Nf6 4. g3 Nbd7 5. Qc2 Be7 6. Bg2 0-0 7. 0-0 c6 8. Nbd2 b6 9. e4 dxe4 10. Nxe4 Bb7 11. b3 c5 12. Nxf6+ Bxf6 13. Bb2 cxd4 14. Nxd4 Bxg2 15. Kxg2 Qc7 16. Nf3 Qc6 17. Bxf6 Nxf6 18. Qe2 h6 19. Rfd1 Rad8 20. Kg1 Qe4 21. Qxe4 Nxe4 22. Rac1 a6 23. Nd4 Rd6 24. f3 Rfd8 25. fxe4 Rxd4 26. Re1 Rd2 27. Ra1 Rb2 28. Red1 Rdd2 29. Rxd2 Rxd2 30. a4 Rb2 31. Ra3 a5 32. h3 Kf8 33. Kf1 Ke7 34. e5 Kd7 35. Ke1 Rc2 36. Kd1 Rc3 37. Kd2 Rxg3 38. h4 Rh3 39. h5 Rxh5 40. Ra1 Rxe5 41. Rf1 Rf5 42. Rg1 Rg5 43. Rf1 f5 44. Rf3 Rg4 45. Ke3 g6 46. Rh3 h5 47. Kf3 h4 48. Kf2 e5 49. Rd3+ Rd4 50. Rh3 g5 51. Ke2 e4 0-1

[Event "RUS-ch Silent"]
[Site "Zelenograd"]
[Date "2010.08.13"]
[Round "5"]
[White "Skorobogatykh, Andrey"]
[Black "Botalova, Yulia"]
[Result "1-0"]
[WhiteElo "1904"]
[BlackElo "1975"]
[PlyCount "99"]
[EventDate "2010.08.11"]
[EventType "swiss"]
[EventRounds "9"]
[EventCountry "RUS"]
[SourceTitle "EXT 2023"]
[Source "ChessBase"]
[SourceDate "2022.10.05"]
[SourceVersion "1"]
[SourceVersionDate "2022.10.05"]
[SourceQuality "1"]

1. e4 d5 2. exd5 Qxd5 3. Nc3 Qa5 4. Nf3 Nf6 5. Bc4 c6 6. 0-0 Bf5 7. d4 e6 8. Bf4 Bb4 9. Ne2 Ne4 10. a3 Bd6 11. Bxd6 Nxd6 12. b4 Qc7 13. Bd3 Nd7 14. Ng3 Bg6 15. c4 Bxd3 16. Qxd3 0-0 17. d5 exd5 18. cxd5 cxd5 19. Qxd5 Nf6 20. Qd3 Rad8 21. Qe3 b6 22. Rac1 Qb7 23. Qf4 Rfe8 24. Rfd1 Nc8 25. h3 Rxd1+ 26. Rxd1 h6 27. a4 Ne7 28. b5 Ned5 29. Qd6 Nc3 30. Rd4 Nfe4 31. Qd7 Qa8 32. Rc4 Nc5 33. Qd4 N3e4 34. Nh5 f6 35. Nf4 Rd8 36. Qb2 Rd1+ 37. Kh2 Qb8 38. g3 Rf1 39. Rc2 Ng5 40. Kg2 Rd1 41. Rxc5 bxc5 42. Qb3+ Kh7 43. Qxd1 Qb7 44. Qd5 Qe7 45. Qf5+ Kg8 46. Nxg5 hxg5 47. Qd5+ Kh7 48. Ne6 Kg6 49. Nxc5 Qe1 50. Qe4+ 1-0

[Event "RUS-ch Silent"]
[Site "Zelenograd"]
[Date "2010.08.12"]
[Round "3"]
[White "Malyuga, Valentin"]
[Black "Botalova, Yulia"]
[Result "0-1"]
[WhiteElo "2259"]
[BlackElo "1975"]
[PlyCount "60"]
[EventDate "2010.08.11"]
[EventType "swiss"]
[EventRounds "9"]
[EventCountry "RUS"]
[SourceTitle "EXT 2023"]
[Source "ChessBase"]
[SourceDate "2022.10.05"]
[SourceVersion "1"]
[SourceVersionDate "2022.10.05"]
[SourceQuality "1"]

1. c4 e6 2. Nf3 d5 3. g3 Nf6 4. Bg2 Bd6 5. 0-0 0-0 6. b3 Nbd7 7. Bb2 c6 8. d3 b6 9. Nbd2 Bb7 10. Re1 Qe7 11. e4 dxe4 12. dxe4 e5 13. Qc2 Bc5 14. h3 Rad8 15. Nf1 Ne8 16. Rad1 Nc7 17. Ne3 g6 18. Rxd7 Qxd7 19. Nxe5 Qd2 20. N5g4 Qxe1+ 21. Kh2 Bd4 22. Nh6+ Kg7 23. Nef5+ gxf5 24. Nxf5+ Kg8 25. Bxd4 Rxd4 26. Nxd4 Ne6 27. Nf5 f6 28. Nh6+ Kh8 29. Nf5 c5 30. f4 Nd4 0-1